Human resources management / (Record no. 18049)
[ view plain ]
| 000 -LEADER | |
|---|---|
| fixed length control field | 01055 am a2200325ua 4500 |
| 001 - CONTROL NUMBER | |
| control field | 007401207 |
| 005 - DATE AND TIME OF LATEST TRANSACTION | |
| control field | 20201128021032.0 |
| 008 - FIXED-LENGTH DATA ELEMENTS--GENERAL INFORMATION | |
| fixed length control field | 861103r19861987xxkdk grb2 001 0 eng d |
| 020 ## - INTERNATIONAL STANDARD BOOK NUMBER | |
| International Standard Book Number | 0712107606 (pbk) |
| 020 ## - INTERNATIONAL STANDARD BOOK NUMBER | |
| International Standard Book Number | 9780712107600 |
| 040 ## - CATALOGING SOURCE | |
| Original cataloging agency | Uk |
| Transcribing agency | Uk |
| 050 00 - LIBRARY OF CONGRESS CALL NUMBER | |
| Classification number | HF5549 |
| 082 04 - DEWEY DECIMAL CLASSIFICATION NUMBER | |
| Classification number | 658.3 |
| Edition number | 22 |
| Item number | GRA |
| 100 1# - MAIN ENTRY--PERSONAL NAME | |
| Personal name | Graham, H. T. |
| Fuller form of name | (Harold Thomas), |
| Dates associated with a name | 1918- |
| 9 (RLIN) | 35120 |
| 245 10 - TITLE STATEMENT | |
| Title | Human resources management / |
| Statement of responsibility, etc | H. T. Graham. |
| 250 ## - EDITION STATEMENT | |
| Edition statement | 5th ed., |
| Remainder of edition statement | reprinted. |
| 260 ## - PUBLICATION, DISTRIBUTION, ETC. (IMPRINT) | |
| Place of publication, distribution, etc | London : |
| Name of publisher, distributor, etc | Pitman, |
| Date of publication, distribution, etc | 1986 |
| Place of manufacture | (Bungay, United Kingdom : |
| Manufacturer | Richard Clay Ltd.) |
| 300 ## - PHYSICAL DESCRIPTION | |
| Extent | x, 308 p. : |
| Other physical details | chart, formes ; |
| Dimensions | 18 cm. |
| 490 1# - Series Statement | |
| Series statement | The M & E handbook series |
| 500 ## - GENERAL NOTE | |
| General note | Reprint of the 1986 ed. |
| 500 ## - GENERAL NOTE | |
| General note | Index : p. 299-308. |
| 500 ## - GENERAL NOTE | |
| General note | Includes appendix. |
| 504 ## - BIBLIOGRAPHY, ETC. NOTE | |
| Bibliography, etc | Includes bibliographical references. |
| 650 #0 - SUBJECT ADDED ENTRY--TOPICAL TERM | |
| Topical term or geographic name as entry element | Personnel management |
| 9 (RLIN) | 994 |
| 653 ## - INDEX TERM--UNCONTROLLED | |
| Resource For college | BAEPS, Business Administration |
| Arrived date list | February2014 |
| 655 ## - INDEX TERM--GENRE/FORM | |
| Form subdivision | |
| -- | 34232 |
| 690 7# - LOCAL SUBJECT ADDED ENTRY--TOPICAL TERM (OCLC, RLIN) | |
| Topical term or geographic name as entry element | Management and Business Studies |
| Source of heading or term | blcoll |
| 830 #4 - SERIES ADDED ENTRY--UNIFORM TITLE | |
| Uniform title | The M & E handbook series |
| 9 (RLIN) | 35112 |
| 942 ## - ADDED ENTRY ELEMENTS (KOHA) | |
| Source of classification or shelving scheme | Dewey Decimal Classification |
| Call number prefix | 658.3 GRA |
| Withdrawn status | Item status | Source of classification or shelving scheme | Damaged status | Not for loan | Vendor | Home library | Current library | Shelving location | Date acquired | Source of acquisition | Total Checkouts | Total Renewals | Full call number | Barcode | Date last seen | Date last borrowed | Koha item type |
|---|---|---|---|---|---|---|---|---|---|---|---|---|---|---|---|---|---|
| Dewey Decimal Classification | Donation-Gift | Central Library | Central Library | First floor | 06/02/2014 | Donation | 1 | 4 | 658.3 GRA | 000035603 | 15/07/2025 | 04/04/2015 | Book - Borrowing |